Central Library OPAC University of Rajshahi
Normal view MARC view

Entry Topical Term

Number of records used in: 2

001 - CONTROL NUMBER

  • control field: 17329

003 - CONTROL NUMBER IDENTIFIER

  • control field: BD-RjUL

005 - DATE AND TIME OF LATEST TRANSACTION

  • control field: 20251117102906.0

008 - FIXED-LENGTH DATA ELEMENTS

  • fixed length control field: 251117|| aca||aabn | a|a d

040 ## - CATALOGING SOURCE

  • Original cataloging agency: BD-RjUL
  • Transcribing agency: BD-RjUL

150 ## - HEADING--TOPICAL TERM

  • Topical term or geographic name entry element: Urdu language
  • Form subdivision: History, description, linguistic studies)

670 ## - SOURCE DATA FOUND

  • Source citation: Work cat.: (BD-RjUL)85959: شيرانى، محمود. / Shīrānī, Maḥmūd 17328, پنجاب ميں ٱردو / Panjāb men̲ Urdū /